Stanovenie všeobecnej hodnoty podniku
Podnikateľský plán tvorí základ pre výpočet všeobecnej hodnoty pre podnikateľskú metódu. Jednou z najdôležitejších častí stanovenia všeobecnej hodnoty je preverenie finančnej situácie podniku z minulosti do súčasnosti pomocou finančnej analýzy ex-post a na základe analýzy ex-ante s pomocou makroekon...
Gespeichert in:
| 1. Verfasser: | |
|---|---|
| Weitere Verfasser: | |
| Format: | Buchkapitel |
| Sprache: | Slowakisch |
| Schlagworte: | |
| Tags: |
Keine Tags, Fügen Sie das erste Tag hinzu!
|
MARC
| LEADER | 00000naa$a2200000$$$4500 | ||
|---|---|---|---|
| 001 | 0269259 | ||
| 005 | 20240502074222.8 | ||
| 041 | 0 | |a slo | |
| 044 | |a SK | ||
| 245 | 1 | 0 | |a Stanovenie všeobecnej hodnoty podniku |
| 520 | |a Podnikateľský plán tvorí základ pre výpočet všeobecnej hodnoty pre podnikateľskú metódu. Jednou z najdôležitejších častí stanovenia všeobecnej hodnoty je preverenie finančnej situácie podniku z minulosti do súčasnosti pomocou finančnej analýzy ex-post a na základe analýzy ex-ante s pomocou makroekonomických ukazovateľov, určiť jeho budúci vývoj. Podnik a príčiny jeho ohodnotenia. Vertikálna analýza aktív a pasív podniku. Ukazovatele likvidity, aktivity, zadlženosti a rentability podniku. | ||
| 610 | 2 | 0 | |a hodnota podniku |
| 610 | 2 | 0 | |a situácia finančná podniku |
| 610 | 2 | 0 | |a ukazovatele makroekonomické |
| 610 | 2 | 0 | |a ukazovatele rentability |
| 610 | 2 | 0 | |a analýza finančná |
| 610 | 2 | 0 | |a podnik |
| 100 | 1 | |a Kudlová, Zuzana, 1986- | |
| 700 | 1 | |a Olexová, Cecília, 1976- | |